Principles of transistor circuits : introduction to the design of amplifiers, receivers, and digital circuits / (Record no. 595412)

000 -LEADER
fixed length control field 00900nam a22001337a 4500
040 ## - CATALOGING SOURCE
Transcribing agency NUST
082 ## - DEWEY DECIMAL CLASSIFICATION NUMBER
Classification number 621.38412,AMO
100 ## - MAIN ENTRY--PERSONAL NAME
Personal name Amos, S. W
9 (RLIN) 57358
245 ## - TITLE STATEMENT
Title Principles of transistor circuits : introduction to the design of amplifiers, receivers, and digital circuits /
Statement of responsibility, etc. S.W. Amos, B.SC. (HONS), A.M.I.E.E
260 ## - PUBLICATION, DISTRIBUTION, ETC.
Place of publication, distribution, etc. London
Name of publisher, distributor, etc. John F. Rider
Date of publication, distribution, etc. 1959
300 ## - PHYSICAL DESCRIPTION
Extent 167 p.;
505 ## - FORMATTED CONTENTS NOTE
Formatted contents note Semi-Conduction and Junction Diodes (Page-10, Basic Principles of Point-Contact and Junction Transistors (Page-150, Common-Base Amplifiers (Page-39), Common-emitter Amplifier (Page-56), Common-Collector Amplifiers (Page-73), Basic Stabilisation (Page-38), Small-Signal Amplifiers (Page-104), Large-Signal Amplifiers (Page-123), Transistor Superheterodyne Receivers (Page-1370, Other Application of Transistors and Other Type of Transistors (Page-153), Index (Page-167).
942 ## - ADDED ENTRY ELEMENTS (KOHA)
Source of classification or shelving scheme
Koha item type Book
Call number prefix 621.38412,AMO
Holdings
Withdrawn status Lost status Source of classification or shelving scheme Damaged status Not for loan Permanent Location Current Location Shelving location Date acquired Full call number Barcode Date last seen Price effective from Koha item type Public note
          Military College of Signals (MCS) Military College of Signals (MCS) General Stacks 08/07/2023 621.38412,AMO MCS22261 08/07/2023 08/07/2023 Book Almirah No.84, Shelf No.2
© 2023 Central Library, National University of Sciences and Technology. All Rights Reserved.